| 000 | 00784cam a22002171 4500 | ||
|---|---|---|---|
| 001 | sa 64004702 | ||
| 003 | DLC | ||
| 005 | 20260227112027.0 | ||
| 008 | 790517s1963 ii 000 0 eng | ||
| 010 | _asa 64004702 | ||
| 035 | _a(OCoLC)4974532 | ||
| 040 |
_aDLC _cOCl _dDLC |
||
| 050 | 0 | 0 |
_aPK1983 _b.L4 1963 |
| 100 | 1 |
_aLebedev, Gerasim Stepanovich, _d1749-1817. |
|
| 245 | 1 | 2 |
_aA grammar of the pure and mixed East Indian dialects, _cby Herasim Lebedeff. Foreword by Suniti Kumar Chatterji. Edited with notes, biographical sketch and bibliography of writings on Lebedeff by Mahadev Prasad Saha. |
| 250 | _a[2d ed.] | ||
| 260 |
_aCalcutta, _bK.L. Mukhopadhyay, _c1963. |
||
| 300 |
_a118 p. _c25 cm. |
||
| 500 | _a300 copies. No. 62. | ||
| 650 | 0 |
_aHindustani language _xGrammar. |
|
| 999 |
_c58698 _d58698 |
||